Statistics for 10 Biggest Cities in Order: Europe

Click here to take the quiz!

General Stats

  • This quiz has been taken 230 times
  • The average score is 6 of 10

Answer Stats

#Answer% Correct
2London
98%
1Moscow
98%
4Berlin
65%
5Madrid
64%
3Saint Petersburg
63%
6Rome
60%
8Paris
58%
7Kiev
34%
10Bucharest
15%
9Minsk
12%

Score Distribution

Percentile by Number Answered

Percent of People with Each Score

Your Score History

You have not taken this quiz